Alle Städte Deutschlands auf Google Maps (z=8) - Statistiken

Allgemein
  • Dieses Quiz wurde 63 mal gespielt
  • Das Durchschnittsergebnis liegt bei 124 aus 316
Antwortstatistiken
# Einwohner Stadt % Korrekt
HH 1.861.053 Hamburg
88%
BY 1.510.378 München
81%
BE 3.662.381 Berlin
79%
NW 601.343 Dortmund
79%
HE 775.790 Frankfurt am Main
79%
BB 58.818 Frankfurt (Oder)
79%
NW 1.024.408 Köln
79%
HB 584.332 Bremen
77%
NW 616.319 Düsseldorf
77%
BW 633.484 Stuttgart
77%
NW 331.519 Bielefeld
75%
NW 574.082 Essen
73%
BW 309.964 Karlsruhe
73%
NW 307.071 Münster
73%
BW 129.942 Ulm
73%
HE 285.522 Wiesbaden
73%
NW 263.772 Aachen
71%
NW 503.185 Duisburg
71%
SN 41.213 Freiberg
71%
BW 237.244 Freiburg im Breisgau
71%
SH 22.004 Heide
71%
HE 204.687 Kassel
71%
RP 222.889 Mainz
71%
NW 321.680 Bonn
69%
BY 132.032 Fürth
69%
NI 548.186 Hannover
69%
BW 162.960 Heidelberg
69%
RP 101.486 Kaiserslautern
69%
SN 608.013 Leipzig
69%
BW 316.877 Mannheim
69%
BY 526.091 Nürnberg
69%
NW 156.887 Paderborn
69%
RP 112.737 Trier
69%
BY 303.150 Augsburg
67%
HB 118.323 Bremerhaven
67%
TH 215.675 Erfurt
67%
SH 251.751 Kiel
67%
BY 159.465 Regensburg
67%
SL 181.982 Saarbrücken
67%
MV 98.733 Schwerin
67%
NI 252.066 Braunschweig
65%
SN 245.150 Chemnitz
65%
HE 164.792 Darmstadt
65%
HE 94.996 Gießen
65%
BW 130.093 Heilbronn
65%
TH 110.791 Jena
65%
RP 115.298 Koblenz
65%
BW 85.770 Konstanz
65%
SH 217.061 Lübeck
65%
BB 187.119 Potsdam
65%
BY 15.720 Bad Neustadt an der Saale
63%
BY 80.580 Bamberg
63%
BB 73.921 Brandenburg an der Havel
63%
SN 563.019 Dresden
63%
HE 70.366 Fulda
63%
ST 242.491 Magdeburg
63%
NI 166.960 Osnabrück
63%
NW 102.440 Siegen
63%
BW 69.147 Aalen
60%
TH 94.847 Gera
60%
NI 120.261 Göttingen
60%
BY 46.963 Hof
60%
BY 142.308 Ingolstadt
60%
RP 53.920 Neustadt an der Weinstraße
60%
NI 174.629 Oldenburg
60%
BY 54.401 Passau
60%
BW 128.992 Pforzheim
60%
MV 210.795 Rostock
60%
BY 72.918 Aschaffenburg
58%
BW 57.420 Baden-Baden
58%
ST 22.414 Burg
58%
BY 117.806 Erlangen
58%
SH 96.431 Flensburg
58%
NW 179.380 Hamm
58%
HE 78.203 Marburg
58%
BW 42.743 Schwäbisch Hall
58%
TH 65.611 Weimar
58%
NI 127.256 Wolfsburg
58%
BY 128.246 Würzburg
58%
BY 74.907 Bayreuth
56%
TH 42.817 Eisenach
56%
NI 50.659 Emden
56%
MV 60.071 Greifswald
56%
ST 227.639 Halle (Saale)
56%
NW 167.850 Leverkusen
56%
BW 93.615 Tübingen
56%
RP 52.989 Bad Kreuznach
54%
BB 100.010 Cottbus
54%
NI 48.713 Cuxhaven
54%
NI 78.979 Delmenhorst
54%
TH 46.300 Gotha
54%
BW 94.589 Ludwigsburg
54%
BW 62.195 Offenburg
54%
BY 65.192 Rosenheim
54%
NI 105.039 Salzgitter
54%
RP 51.203 Speyer
54%
RP 85.609 Worms
54%
ST 76.062 Dessau-Roßlau
52%
NI 102.325 Hildesheim
52%
BY 55.067 Schweinfurt
52%
HE 54.629 Wetzlar
52%
SN 87.793 Zwickau
52%
BY 42.311 Ansbach
50%
BY 42.139 Coburg
50%
BY 48.337 Dachau
50%
SN 55.395 Görlitz
50%
NW 99.793 Gütersloh
50%
BY 70.713 Kempten (Allgäu)
50%
HE 36.506 Limburg an der Lahn
50%
MV 64.390 Neubrandenburg
50%
MV 59.450 Stralsund
50%
NW 74.957 Arnsberg
48%
NW 94.354 Düren
48%
NI 50.253 Goslar
48%
BW 49.895 Heidenheim an der Brenz
48%
BY 75.272 Landshut
48%
NI 35.163 Leer (Ostfriesland)
48%
BY 26.155 Lindau (Bodensee)
48%
BY 46.178 Memmingen
48%
SH 79.461 Neumünster
48%
RP 66.243 Neuwied
48%
RP 40.941 Pirmasens
48%
NI 76.247 Wilhelmshaven
48%
MV 44.022 Wismar
48%
NI 43.375 Aurich
46%
NI 70.293 Celle
46%
NI 77.511 Lüneburg
46%
NI 36.137 Meppen
46%
NW 83.991 Minden
46%
SH 81.834 Norderstedt
46%
SN 65.954 Plauen
46%
SL 37.901 Saarlouis
46%
BY 42.676 Amberg
44%
SN 37.930 Bautzen
44%
BY 27.509 Garmisch-Partenkirchen
44%
NI 57.916 Hameln
44%
SH 23.960 Husum
44%
NI 57.075 Lingen (Ems)
44%
NI 48.708 Stade
44%
SH 32.411 Itzehoe
42%
BW 50.670 Lörrach
42%
ST 45.126 Wittenberg
42%
NW 74.229 Detmold
40%
TH 41.233 Nordhausen
40%
NW 76.735 Rheine
40%
ST 37.683 Stendal
40%
BW 37.784 Tuttlingen
40%
NW 59.787 Euskirchen
38%
BY 46.386 Kaufbeuren
38%
SN 29.007 Meißen
38%
BB 48.492 Oranienburg
38%
BY 25.405 Roth
38%
MV 5.590 Binz
35%
BW 52.093 Böblingen
35%
BB 41.704 Eberswalde
35%
SH 51.486 Elmshorn
35%
BY 37.169 Erding
35%
NI 61.594 Garbsen
35%
NW 68.602 Lippstadt
35%
NI 55.619 Nordhorn
35%
SN 40.148 Pirna
35%
BW 49.518 Singen (Hohentwiel)
35%
TH 36.986 Suhl
35%
SL 40.714 Völklingen
35%
MV 21.217 Waren (Müritz)
35%
TH 31.580 Altenburg
33%
BY 19.087 Bad Reichenhall
33%
BY 35.757 Deggendorf
33%
BY 16.072 Füssen
33%
SN 31.131 Hoyerswerda
33%
BW 49.420 Lahr/Schwarzwald
33%
BB 31.803 Neuruppin
33%
NI 51.521 Peine
33%
SH 30.723 Rendsburg
33%
NI 33.991 Uelzen
33%
NI 34.145 Vechta
33%
HE 30.770 Bad Hersfeld
31%
SH 19.017 Bad Segeberg
31%
BY 19.360 Bad Tölz
31%
BY 17.593 Cham
31%
RP 29.158 Idar-Oberstein
31%
SL 31.811 Merzig
31%
NI 32.423 Nienburg/Weser
31%
BY 43.188 Weiden in der Oberpfalz
31%
SN 19.069 Annaberg-Buchholz
29%
BY 23.245 Bad Kissingen
29%
SH 21.561 Eckernförde
29%
MV 29.582 Güstrow
29%
ST 37.793 Halberstadt
29%
NW 67.409 Herford
29%
NI 55.746 Langenhagen
29%
TH 37.146 Mühlhausen/Thüringen
29%
MV 20.385 Neustrelitz
29%
NI 25.210 Norden
29%
SH 25.236 Schleswig
29%
SH 14.356 Sylt
29%
RP 17.465 Bitburg
27%
BW 47.014 Bruchsal
27%
NI 41.256 Buxtehude
27%
BY 21.865 Günzburg
27%
BW 38.721 Kehl
27%
BY 29.739 Landsberg am Lech
27%
BY 30.881 Neuburg an der Donau
27%
BY 41.255 Neumarkt in der Oberpfalz
27%
BY 9.773 Oberstdorf
27%
NI 38.841 Papenburg
27%
BY 27.143 Pfaffenhofen an der Ilm
27%
BY 41.380 Schwabach
27%
BB 33.635 Schwedt/Oder
27%
TH 23.435 Sonneberg
27%
BY 21.551 Traunstein
27%
NW 13.164 Winterberg
27%
SN 25.499 Zittau
27%
SH 34.279 Ahrensburg
25%
BY 7.698 Berchtesgaden
25%
ST 32.207 Naumburg (Saale)
25%
NI 43.941 Gifhorn
25%
BY 26.052 Kulmbach
25%
TH 25.679 Meiningen
25%
SN 29.500 Riesa
25%
BY 11.385 Rothenburg ob der Tauber
25%
TH 24.767 Rudolstadt
25%
TH 29.121 Saalfeld/Saale
25%
BY 30.239 Schwandorf
25%
BW 45.381 Weinheim
25%
ST 38.241 Weißenfels
25%
NI 32.961 Achim
23%
TH 28.264 Arnstadt
23%
BB 45.005 Falkensee
23%
NI 23.418 Hann. Münden
23%
BY 16.924 Kronach
23%
MV 18.270 Parchim
23%
BB 24.918 Rathenow
23%
TH 19.984 Schmalkalden
23%
ST 32.406 Wernigerode
23%
BY 13.172 Altötting
21%
TH 23.133 Bad Salzungen
21%
ST 22.644 Eisleben
21%
SN 27.740 Grimma
21%
NI 29.337 Northeim
21%
BB 19.022 Prenzlau
21%
NI 22.789 Rotenburg (Wümme)
21%
ST 23.131 Salzwedel
21%
NI 22.040 Soltau
21%
BB 27.780 Strausberg
21%
NI 28.453 Verden (Aller)
21%
NW 23.317 Warburg
21%
HE 16.205 Alsfeld
19%
HE 33.809 Bad Nauheim
19%
HE 19.435 Eschwege
19%
NW 38.101 Greven
19%
HE 24.089 Korbach
19%
SH 19.592 Mölln
19%
MV 9.785 Pasewalk
19%
MV 9.169 Sassnitz
19%
BB 23.282 Senftenberg
19%
ST 28.563 Zeitz
19%
MV 12.363 Anklam
17%
NW 50.513 Bad Oeynhausen
17%
SH 24.965 Bad Oldesloe
17%
SH 5.002 Büsum
17%
SN 23.718 Döbeln
17%
HE 15.101 Fritzlar
17%
ST 23.993 Köthen (Anhalt)
17%
BY 20.403 Lichtenfels
17%
BB 29.441 Ludwigsfelde
17%
BY 21.860 Mühldorf am Inn
17%
BB 15.604 Templin
17%
MV 10.293 Demmin
15%
SH 17.256 Eutin
15%
SH 1.237 Helgoland
15%
MV 8.240 Heringsdorf
15%
MV 8.084 Kühlungsborn
15%
BY 17.254 Marktredwitz
15%
BB 21.497 Spremberg
15%
SH 3.724 St. Peter-Ording
15%
SH 8.356 Timmendorfer Strand
15%
NI 24.335 Varel
15%
NI 20.835 Wittmund
15%
BB 13.994 Wittstock/Dosse
15%
MV 12.092 Wolgast
15%
SH 12.736 Brunsbüttel
13%
ST 21.964 Gardelegen
13%
MV 4.194 Graal-Müritz
13%
SH 9.485 Heiligenhafen
13%
SH 1.481 List auf Sylt
13%
SH 10.161 Niebüll
13%
BY 13.270 Plattling
13%
BY 14.727 Selb
13%
BY 22.035 Sonthofen
13%
SH 34.716 Wedel
13%
NI 36.499 Winsen (Luhe)
13%
BB 16.982 Wittenberge
13%
BY 8.978 Zwiesel
13%
RP 8.220 Daun
10%
MV 2.846 Jarmen
10%
SH 23.183 Kaltenkirchen
10%
SN 17.072 Kamenz
10%
SH 8.601 Kappeln
10%
NI 27.949 Lohne (Oldenburg)
10%
MV 15.729 Ribnitz-Damgarten
10%
ST 30.537 Schönebeck (Elbe)
10%
BB 19.529 Schönefeld
10%
MV 2.744 Sellin
10%
BY 19.745 Bad Aibling
8%
BB 26.623 Hennigsdorf
8%
SH 7.867 Leck
8%
BB 16.296 Rüdersdorf bei Berlin
8%
MV 8.459 Teterow
8%
NI 11.388 Wittingen
8%
BB 9.114 Kyritz
6%
SH 5.551 Laboe
6%
BB 12.026 Perleberg
6%
MV 8.638 Ueckermünde
6%
NI 15.916 Weener
6%
ST 9.364 Osterburg (Altmark)
4%
Keine übereinstimmenden Quizze gefunden
Verteilung der Resultate
Anzahl Personen mit jedem Resultat
Perzentil nach korrekt beantworteten Fragen
Ihre Resultats-Entwicklung
Sie haben dieses Quiz noch nicht gespielt